| 000 | 00903nam a2200241 a 4500 | ||
|---|---|---|---|
| 001 | BRCA_3930 | ||
| 005 | 20190320204459.0 | ||
| 008 | 110110s1670----sp-#######---#000-0#spa-# | ||
| 041 | _aspa | ||
| 044 | _asp | ||
| 050 | 4 |
_aHT851 _b.D66 1670 |
|
| 245 | 1 | 0 |
_aPor Domingo Grillo, y Ambrosio Lomelin, a cuyo cargo esta por vía de assiento la introducción de esclavos negros en las Indias _bcon el señor fiscal del Consejo de Indias sobre la paga de los derechos del primero, segundo, tercero, quarto, y quinto año _cpor Domingo Grillo y Ambrosio Lomelin. |
| 260 |
_aEspaña _bConsejo de Indias _c1670 |
||
| 300 |
_a4 v. _bil. en la portada _c31 cm. |
||
| 500 | _aIncluye apostillas manuscritas | ||
| 500 | _aC81 | ||
| 650 | 1 | 4 |
_aTrata de esclavos _910228 |
| 650 | 1 | 4 |
_aEsclavitud _910229 |
| 700 | 1 |
_aGrillo, Domingo _910230 |
|
| 700 | 1 |
_aLomelin, Ambrosio _910231 |
|
| 902 | _aGFM | ||
| 942 |
_2lcc _cB |
||
| 999 |
_c3657 _d3657 |
||